书目信息 |
| 题名: |
环境工程专业英语
|
|
| 作者: | 钟理 主编 | |
| 分册: | ||
| 出版信息: | 北京 化学工业出版社 1999.06 |
|
| 页数: | 175页 | |
| 开本: | 26cm | |
| 丛书名: | ||
| 单 册: | ||
| 中图分类: | X , H31:X | |
| 科图分类: | ||
| 主题词: | 环境科学 , 劳动?0 , a安全学 , 英语 | |
| 电子资源: | ||
| ISBN: | 7-5025-2498-3 | |
| 000 | 00719nam0 2200253 45 | |
| 001 | 0257295056 | |
| 005 | 2002041515545431 | |
| 010 | @a7-5025-2498-3@b压膜@dRMB 18.00 | |
| 100 | @a20020415d km y0chiy0120 ea | |
| 101 | 0 | @achi |
| 102 | @aCN@b110000 | |
| 200 | 1 | @a环境工程专业英语@Ahuan jing gong cheng zhuan ye ying yu@f钟理主编@Fzhong li zhu bian |
| 210 | @a北京@c化学工业出版社@d1999.06 | |
| 215 | @a175页@d26cm | |
| 300 | @a高校教材 | |
| 606 | 0 | @a环境科学 |
| 606 | 0 | @a劳动?0 |
| 606 | @@@@@@@@@@@@@a安全学 | |
| 606 | 0 | @a英语 |
| 690 | @@@@@@@@@@@@@aX@v3 | |
| 690 | @aH31:X@v3 | |
| 701 | 0 | @a钟理@Azhong li@4主编 |
| 801 | 0 | @@@@@@@@@@@@@aCN@bPFT@c20020415 |
| 905 | @@@@@@@@@@@@@a安徽大学@dH31:X@eZ729 | |
| 环境工程专业英语/钟理主编.-北京:化学工业出版社,1999.06 |
| 175页;26cm |
| 高校教材 |
| ISBN 7-5025-2498-3(压膜):RMB 18.00 |
| ● |
| 相关链接 |
|
|
|
正题名:环境工程专业英语
索取号:H31:X/Z729
 
预约/预借
| 序号 | 登录号 | 条形码 | 馆藏地/架位号 | 状态 | 备注 |
| 1 | 353753 | 203537538 | 语言库209/ [索取号:H31:X/Z729] | 在馆 | |
| 2 | 353754 | 203537547 | 语言库209/209语言库 92排3列4层/ [索取号:H31:X/Z729] | 在馆 |